00711nam a22002177a 450000500170000001000130001702000110003003500130004103700160005404000120007008200160008210000220009824501330012026000360025327000350028930000250032450000240034965000460037365000470041970000270046620170124110102.0 aB-122228 c400.00 aB-122228 bCen Lib/Ret aDPLbEN a954.42bPAL aPaliwal, Devilal  aMaharaj Shakti Singh and the shaktawats of boheda :cby Devilal Paliwal [and] Rawat Surendra Singh bhistory of boheda thikana / aJodhpur bBooks treasure c2004 bJodhpur aSojati gate e342001 aviii,173p.c21cm(Hb) a Includes appendix  aBoheṛa Ṭhikāna (India) -- History.  aBoheṛa Ṭhikāna (India) -- Genealogy. aSingh, Rawat Surendra